Ochranné hrádze, význam a špecifiká

Gespeichert in:
Bibliographische Detailangaben
1. Verfasser: Lüley, Matúš (Verfasst von)
Weitere Verfasser: Bednárová, Emília (Betreuung Doktorarbeit)
Format: Manuskript Buch
Sprache:Slowakisch
Veröffentlicht: 2015
Schlagworte:
Online-Zugang:http://is.stuba.sk/zp/portal_zp.pl?podrobnosti=103090
https://opac.crzp.sk/?fn=detailBiblioForm&sid=8E4B6E07E50410EA9BB6A73E14E1
Tags: Tag hinzufügen
Keine Tags, Fügen Sie das erste Tag hinzu!

MARC

LEADER 00000ntm a22000003a 4500
001 stuzp51056
003 SK-STU
005 20230816090851.7
007 ta
008 150427s2015----xo-----f-mn---000-0-slo-d
040 |a STU  |b slo 
041 0 |a slo 
100 1 |a Lüley, Matúš  |u 010150  |4 aut  |U SvF Stavebná fakulta  |T SvF Katedra geotechniky  |X 9596  |U V150  |Y 15  |7 9596 
242 0 1 |a Levees, importance and specifics  |y eng 
245 1 0 |a Ochranné hrádze, význam a špecifiká 
260 |c 2015 
650 4 |a ochranná hrádza  |2 slo 
650 4 |a rizikové faktory  |2 slo 
650 4 |a bezpečnosť  |2 slo 
650 4 |a stabilita  |2 slo 
650 4 |a levees  |2 eng 
650 4 |a risk factors  |2 eng 
650 4 |a security  |2 eng 
650 4 |a stability  |2 eng 
700 1 |a Bednárová, Emília  |4 ths  |X 1011  |7 A000001011 
856 4 |u http://is.stuba.sk/zp/portal_zp.pl?podrobnosti=103090 
856 4 |u https://opac.crzp.sk/?fn=detailBiblioForm&sid=8E4B6E07E50410EA9BB6A73E14E1 
SQL |a stuzp51056  |b DBP  |c SLO  |d Ochranné hrádze, význam a špecifiká  |e 9596  |f Lüley, Matúš  |g 010150  |h 1011  |i Bednárová, Emília  |j 20150622  |k 985  |l 01  |m http://is.stuba.sk/zp/portal_zp.pl?podrobnosti=103090  |n B-STOP  |o 5.2.8. stavebníctvo, 6.4.1. vodné hospodárstvo